header

Gothic literature (Record no. 9000)

MARC details
000 -LEADER
fixed length control field 01515nam a2200361Ia 4500
001 - CONTROL NUMBER
control field ebr10695133
003 - CONTROL NUMBER IDENTIFIER
control field CaPaEBR
006 - FIXED-LENGTH DATA ELEMENTS--ADDITIONAL MATERIAL CHARACTERISTICS--GENERAL INFORMATION
fixed length control field m u
007 - PHYSICAL DESCRIPTION FIXED FIELD--GENERAL INFORMATION
fixed length control field cr cn|||||||||
008 - FIXED-LENGTH DATA ELEMENTS--GENERAL INFORMATION
fixed length control field 130511s2013 stk sb 001 0 eng d
020 ## - INTERNATIONAL STANDARD BOOK NUMBER
Cancelled/invalid ISBN 9780748647422
Cancelled/invalid ISBN 9780748647439 (ebook)
040 ## - CATALOGING SOURCE
Original cataloging agency CaPaEBR
Transcribing agency CaPaEBR
035 ## - SYSTEM CONTROL NUMBER
System control number (OCoLC)844436794
050 14 - LIBRARY OF CONGRESS CALL NUMBER
Classification number PR408.G68
Item number S65 2013eb
100 1# - MAIN ENTRY--PERSONAL NAME
Personal name Smith, Andrew,
Dates associated with a name 1964-
245 10 - TITLE STATEMENT
Title Gothic literature
Medium [electronic resource] /
Statement of responsibility, etc Andrew Smith.
250 ## - EDITION STATEMENT
Edition statement 2nd ed.
260 ## - PUBLICATION, DISTRIBUTION, ETC. (IMPRINT)
Place of publication, distribution, etc Edinburgh :
Name of publisher, distributor, etc Edinburgh University Press,
Date of publication, distribution, etc c2013.
300 ## - PHYSICAL DESCRIPTION
Extent xxvi, 240 p.
490 0# - SERIES STATEMENT
Series statement Edinburgh critical guides to literature
504 ## - BIBLIOGRAPHY, ETC. NOTE
Bibliography, etc Includes bibliographical references and index.
533 ## - REPRODUCTION NOTE
Type of reproduction Electronic reproduction.
Place of reproduction Palo Alto, Calif. :
Agency responsible for reproduction ebrary,
Date of reproduction 2013.
Note about reproduction Available via World Wide Web.
-- Access may be limited to ebrary affiliated libraries.
650 #0 - SUBJECT ADDED ENTRY--TOPICAL TERM
Topical term or geographic name as entry element Gothic revival (Literature)
Geographic subdivision Great Britain.
Topical term or geographic name as entry element Gothic revival (Literature)
Geographic subdivision United States.
Topical term or geographic name as entry element English literature
Chronological subdivision 18th century
General subdivision History and criticism.
Topical term or geographic name as entry element English literature
Chronological subdivision 19th century
General subdivision History and criticism.
Topical term or geographic name as entry element American literature
Chronological subdivision 18th century
General subdivision History and criticism.
Topical term or geographic name as entry element American literature
Chronological subdivision 19th century
General subdivision History and criticism.
655 #7 - INDEX TERM--GENRE/FORM
Genre/form data or focus term Electronic books.
Source of term local
710 2# - ADDED ENTRY--CORPORATE NAME
Corporate name or jurisdiction name as entry element ebrary, Inc.
856 40 - ELECTRONIC LOCATION AND ACCESS
Uniform Resource Identifier <a href="http://site.ebrary.com/lib/rucke/Doc?id=10695133">http://site.ebrary.com/lib/rucke/Doc?id=10695133</a>
Public note An electronic book accessible through the World Wide Web; click to view

No items available.

© 2026 Rongo University
Contact us: librarian | system librarian | Rongo university